000 01379nam a2200349 4500
003 EC-UNACH
006 s||||gr|||| 00| 00
008 150116t9999 mx r gr 000 0 spa d
020 _a978-84-9732-663-6
040 _aEC-UNACH
_cEC-UNACH
041 _aEspañol
082 0 4 _223
_a621.313
_bL015450
100 _aSanz Serrano, José Luis
245 _aTécnicas y procesos en las instalaciones eléctricas en media y baja tensión
250 _aSexta Edición
264 _aMadrid - España
_bThomson editores
_c2008
300 _a355 páginas
_bTablas, Figuras
_c27 centímetros
501 _aIncluye índice
504 _aBibliografía 355
505 _aRedes eléctricas -- Líneas aéreas y subterráneas de media tensión (M.T) y baja tensión (B.T.) -- Centros de transformación -- Instalaciones de enlace e interiores -- Instalaciones específicas. Tipología y características. Reglamentación -- Iluminación -- Medidas eléctricas -- Puesta en servicio y mantenimiento.
650 _aREDES DE DISTRIBUCIÓN
650 _aLÍNEAS DE DISTRIBUCIÓN
650 _aBAJA TENSIÓN
650 _aSISTEMA DE DISTRIBUCIÓN
650 _aPUESTA A TIERRA
700 _aToledano Gasca, José Carlos
_eAutor
942 _2ddc
_c1
999 _c11838